| 000 | 00753cab a2200253 4500 | ||
|---|---|---|---|
| 001 | WB2936-30 | ||
| 008 | 090401t1993 xxu||||| |||| 00| 0 eng d | ||
| 035 | _a(Sirsi) u37948 | ||
| 041 | _aeng | ||
| 245 | _aSuckler cow premium scheme | ||
| 260 | _c1993 | ||
| 350 | _a0 | ||
| 490 |
_aMAFF News Release _v(318/93) 27 September 1993 (2) |
||
| 520 | _aProducers, who have experienced losses due to natural circumstances, can apply to have their quota allocations based on premium payments prior to 1992. | ||
| 650 | _aDAMAGE | ||
| 650 | _aDISEASE | ||
| 650 | _aFODDER | ||
| 650 | _aLIVESTOCK QUOTAS | ||
| 650 | _aNATURAL DISASTERS | ||
| 650 | _aSUCKLER COW PREMIUM SCHEME | ||
| 690 | _aRURAL PRACTICE | ||
| 942 | _n0 | ||
| 948 | _c04/03/1997 | ||
| 999 |
_c24399 _d24399 |
||